书目信息 |
| 题名: |
UG注塑模具设计与制造
|
|
| 作者: | 张清 编著 | |
| 分册: | ||
| 出版信息: | 北京 化学工业出版社 2006 |
|
| 页数: | 358页 | |
| 开本: | 26cm | |
| 丛书名: | ||
| 单 册: | ||
| 中图分类: | TQ320.66-39 | |
| 科图分类: | ||
| 主题词: | 注塑--zhu su--塑料模具--计算机辅助设计--应用软件 , 塑料模具--su liao mo ju , 注塑--zhu su--塑料模具--计算机辅助制造--应用软件 | |
| 电子资源: | ||
| ISBN: | 7-5025-7697-5 | |
| 000 | 00944nam0 2200277 450 | |
| 001 | 012004005043 | |
| 005 | 20061228100003.64 | |
| 010 | @a7-5025-7697-5@dCNY48.00(含光盘) | |
| 010 | @a7-900163-42-5@b光盘 | |
| 100 | @a20051229d2006 em y0chiy0121 ea | |
| 101 | 0 | @achi |
| 102 | @aCN@b110000 | |
| 105 | @ay z 000yy | |
| 200 | 1 | @aUG注塑模具设计与制造@AUG zhu su mo ju she ji yu zhi zao@f张清编著 |
| 210 | @a北京@c化学工业出版社@d2006 | |
| 215 | @a358页@d26cm@e光盘1片 | |
| 330 | @a本书面向生产实际, 详细介绍Unigraphics注塑模具设计与制造方法及操作技能, 主要介绍Mold Wizard模块和Unigraphics CAM。 | |
| 606 | 0 | @a注塑@Azhu su@x塑料模具@x计算机辅助设计@x应用软件 |
| 606 | 0 | @a塑料模具@Asu liao mo ju |
| 606 | 0 | @a注塑@Azhu su@x塑料模具@x计算机辅助制造@x应用软件 |
| 610 | 0 | @aUG |
| 610 | 0 | @aUnigraphics |
| 690 | @aTQ320.66-39@v4 | |
| 701 | 0 | @a张清@Azhang qing@4编著 |
| 801 | 0 | @aCN@c20061228 |
| 905 | @a10447@dTQ320.66-39@eZ152 | |
| UG注塑模具设计与制造/张清编著.-北京:化学工业出版社,2006 |
| 358页;26cm+光盘1片 |
| ISBN 7-5025-7697-5:CNY48.00(含光盘) |
| 本书面向生产实际, 详细介绍Unigraphics注塑模具设计与制造方法及操作技能, 主要介绍Mold Wizard模块和Unigraphics CAM。 |
| ● |
| 相关链接 |
|
|
|
正题名:UG注塑模具设计与制造
索取号:TQ320.66-39/Z152
 
预约/预借
| 序号 | 登录号 | 条形码 | 馆藏地/架位号 | 状态 | 备注 |
| 1 | 639528 | 206395284 | 自科二线504/504自科库 44排5列5层/ [索取号:TQ320.66-39/Z152] | 在馆 | |
| 2 | 639529 | 206395293 | 自科库501/501自科库 140排8列3层/ [索取号:TQ320.66-39/Z152] | 在馆 | |
| 3 | 639530 | 206395300 | 自科二线504/504自科库 44排5列5层/ [索取号:TQ320.66-39/Z152] | 在馆 |